000 00681nam a2200289Ia 4500
005 20260324133126.0
008 008 260324s9999 xx 000 0 eng d
020 _a9781315792798
037 _aEBOOK
040 _aCRL
040 _beng
040 _cCRL
041 _2eng
041 _aeng
084 _qCRL
100 _aStanley Hunter; PJ Gray
_91191894
245 0 _aBear Cookin'
245 4 _bThe Original Guide to Bear Comfort Foods
260 _bTaylor and Francis
260 _c2003
365 _a
365 _b220
856 _uhttp://www.taylorfrancis.com/books/9781315792798
942 _cEBOOK
999 _c1790652
_d1790652